000 00541nam a2200181 i 4500
001 50189
003 ES-MaACL
005 20230906162134.0
007 t|
008 030731s1949 sp ||||1| spa d
100 1 _aCronin, A. J.
_941692
245 1 3 _aLa ruta del Doctor Shannon /
_cArchibald Joseph Cronin ; traducción de Joaquín Urbieta.
250 _a[3ª ed.].
260 _aBarcelona :
_bHermes,
_c[1949] (
_fG.A.S.A.)
300 _a381 p. ;
_c19 cm.
700 1 _aUrnieta, Joaquín.
_9112194
852 _aES-MaACL
_jC-7907
_bR.33445
999 _c50189
_d50189